LEADER 01334nab a2200385 i 4500
001 publ23434
005 20220203113801.0
008 220203s2018 hu o 0|| Angol d
022 |a 1932-6203 
024 7 |a 10.1371/journal.pone.0197214  |2 doi 
024 7 |a 3370103  |2 mtmt 
040 |a SZTE Publicatio Repozitórium  |b hun 
041 |a Angol 
100 1 |a Gamarra Beatriz 
245 1 0 |a 5000 years of dietary variations of prehistoric farmers in the Great Hungarian Plain  |h [elektronikus dokumentum] /  |c  Gamarra Beatriz 
260 |c 2018 
300 |a Terjedelem: 20 p-Azonosító: e0197214 
490 0 |a PLOS ONE  |v 13 No. 5 
650 4 |a Biológiai tudományok 
650 4 |a Történettudomány és régészet 
700 0 1 |a Howcroft Rachel  |e aut 
700 0 1 |a McCall Ashley  |e aut 
700 0 1 |a Dani János  |e aut 
700 0 1 |a Hajdú Zsigmond  |e aut 
700 0 1 |a Nagy Emese Gyöngyvér  |e aut 
700 0 1 |a Szabó László D.  |e aut 
700 0 1 |a Domboróczki László  |e aut 
700 0 1 |a Pap Ildikó  |e aut 
700 0 1 |a Raczky Pál  |e aut 
700 0 1 |a Marcsik Antónia  |e aut 
700 0 1 |a Zoffmann Zsuzsanna K.  |e aut 
700 0 1 |a Hajdu Tamás  |e aut 
700 0 1 |a Feeney Robin N. M.  |e aut 
700 0 1 |a Pinhasi Ron  |e aut 
856 4 0 |u http://publicatio.bibl.u-szeged.hu/23434/1/5000yearsofdietary_2018_MarcsikA..pdf  |z Dokumentum-elérés